Statistics for Choose the Correct Team Name-NFL Edition

Click here to take the quiz!

General Stats

  • This quiz has been taken 22 times
  • The average score is 30 of 32

Answer Stats

HintAnswer% Correct
TennesseeTitans
100%
San Francisco49ers
95%
ChicagoBears
95%
CincinnatiBengals
95%
BuffaloBills
95%
DenverBroncos
95%
ClevelandBrowns
95%
Tampa BayBuccaneers
95%
ArizonaCardinals
95%
Kansas CityChiefs
95%
IndianapolisColts
95%
WashingtonCommanders
95%
DallasCowboys
95%
MiamiDolphins
95%
PhiladelphiaEagles
95%
AtlantaFalcons
95%
JacksonvilleJaguars
95%
DetriotLions
95%
Green BayPackers
95%
CarolinaPanthers
95%
New EnglandPatriots
95%
Las VegasRaiders
95%
Los Angeles (NFC)Rams
95%
BaltimoreRavens
95%
New OrleansSaints
95%
SeattleSeahawks
95%
PittsburghSteelers
95%
HoustonTexans
95%
MinnesotaVikings
95%
Los Angeles (AFC)Chargers
91%
New York (NFC)Giants
86%
New York (AFC)Jets
86%

Score Distribution

Percentile by Number Answered

Percent of People with Each Score

Your Score History

You have not taken this quiz